000 01193cam a22003137a 4500
001 1256
005 20230828133920.0
008 940420s1993 nyua 000 0 eng
020 _a078073003990
040 _aDLC
_cDLC
_dDLC
_beng
050 0 0 _aPZ7.D128
082 _aFic
100 1 _aDadey, Debbie.
245 1 0 _aGenies don't ride bicycles /
_cby Debbie Dadey and Marcia Thornton Jones ; illustrated by John Steven Gurney.
260 _aNew York :
_bScholastic,
_c1993.
300 _a69 pages :
_billustrations ;
_c20 cm.
490 _aThe adventures of the bailey school kids
_vBook 8
500 _a"A Little Apple paperback."
500 _aSource: Copyright deposit, Dec. 21, 1993.
_5DLC
505 _aO
520 _aWhen the Bailey School kids find an old bottle and open its stopper their wishes start to come true, and they wonder if the new man in town might just be a genie.
521 _a600
_bLexile
521 _aO
_bRaz-Plus
650 0 _aBailey School Kids (Fictitious characters)
_vFiction.
700 1 _aJones, Marcia Thornton.
700 1 _aGurney, John Steven,
_d1962-
906 _a7
_bcbc
_corignew
_du
_encip
_f19
_gy-gencatlg
942 _2ddc
_cBK
_n0
999 _c1256
_d1256